Transmission Networks and Wave Filters /
Sparad:
| Huvudupphovsman: | |
|---|---|
| Materialtyp: | Sách giấy |
| Språk: | English |
| Publicerad: |
New York :
D.Van Nostrand,
1942.
|
| Taggar: |
Lägg till en tagg
Inga taggar, Lägg till första taggen!
|
| Thư viện lưu trữ: | Thư viện Trường Đại học Đà Lạt |
|---|
| LEADER | 00579nam a2200253 4500 | ||
|---|---|---|---|
| 001 | DLU020000081 | ||
| 005 | ##19980311 | ||
| 040 | # | # | |a DLU |b vie |
| 041 | # | # | |a eng |
| 044 | # | # | |a us |
| 082 | # | # | |a 621.385 |b SH-T |
| 100 | # | # | |a Shea, T. E. |
| 245 | # | # | |a Transmission Networks and Wave Filters / |c T. E. Shea. |
| 260 | # | # | |a New York : |b D.Van Nostrand, |c 1942. |
| 300 | # | # | |a x, 470 tr. ; |c 23 cm. |
| 992 | # | # | |a 4500 |
| 994 | # | # | |a DLU |
| 900 | # | # | |a False |
| 911 | # | # | |a Administrator |
| 925 | # | # | |a G |
| 926 | # | # | |a A |
| 927 | # | # | |a SH |
| 980 | # | # | |a Thư viện Trường Đại học Đà Lạt |